Jedzme, aby sme žili

Ľudia sa v súčasnosti snažia stravovať zdravšie a celkove žiť tak, aby sa dožili v dobrej kondícii čo najvyššieho veku. Zmena stravovania a myslenia sa odrazila aj na výbere potravín. Do popredia sa dostávajú tzv. funkčné potraviny, ako ich spoznáme.

Salvato in:
Dettagli Bibliografici
Autore principale: Mikulcová, Katarína
Natura: Capitolo di libro
Lingua:slovacco
Soggetti:
Tags: Aggiungi Tag
Nessun Tag, puoi essere il primo ad aggiungerne!!

MARC

LEADER 00000naa a2200000 4500
001 0220127
005 20160630124427.6
041 0 |a slo 
044 |a SK 
245 1 0 |a Jedzme, aby sme žili  |c Katarína Mikulcová 
520 |a Ľudia sa v súčasnosti snažia stravovať zdravšie a celkove žiť tak, aby sa dožili v dobrej kondícii čo najvyššieho veku. Zmena stravovania a myslenia sa odrazila aj na výbere potravín. Do popredia sa dostávajú tzv. funkčné potraviny, ako ich spoznáme. 
610 2 0 |a potraviny 
610 2 0 |a spotreba potravín 
610 2 0 |a výživa 
100 1 |a Mikulcová, Katarína